Manual for knowledge custodians: (Record no. 35752)

MARC details
000 -LEADER
fixed length control field 00747nam a22001937a 4500
005 - DATE AND TIME OF LATEST TRANSACTION
control field 20100506142139.0
008 - FIXED-LENGTH DATA ELEMENTS--GENERAL INFORMATION
fixed length control field 891019s1989 rur 000 0 eng
020 ## - INTERNATIONAL STANDARD BOOK NUMBER
International Standard Book Number 9789380224015
Terms of availability 1995.00
037 ## - SOURCE OF ACQUISITION
Source of stock number/acquisition Infotrack Library Solution
040 ## - CATALOGING SOURCE
Original cataloging agency dpl
Language of cataloging English
100 ## - MAIN ENTRY--PERSONAL NAME
Personal name Lata Suresh
245 ## - TITLE STATEMENT
Title Manual for knowledge custodians:
Statement of responsibility, etc by Lata Suresh
Remainder of title a must for library professionals and academicians /
260 ## - PUBLICATION, DISTRIBUTION, ETC. (IMPRINT)
Place of publication, distribution, etc Jaipur
Name of publisher, distributor, etc Shruti Publications
Date of publication, distribution, etc 2010
270 ## - ADDRESS
Address 50-Ka-6, Jyoti Nagar,
City Jaipur
Postal code 302005
300 ## - PHYSICAL DESCRIPTION
Extent xxiv, 662p. ;
Dimensions 22 cm(Hb)
942 ## - ADDED ENTRY ELEMENTS (KOHA)
Source of classification or shelving scheme Dewey Decimal Classification
Item type Reference Books
Call number suffix LAT
Holdings
Withdrawn status Lost status Source of classification or shelving scheme Damaged status Not for loan Home library Current library Date acquired Cost, normal purchase price Total Checkouts Full call number Date last seen Cost, replacement price Koha item type
    Dewey Decimal Classification   Ordered Andrews Gunj Andrews Gunj 06/05/2010 1995.00   LAT 06/05/2010 1995.00 English Books

© Delhi Public Library
Hit Counter
free hit counter